00533nam a2200193 a 4500001001300000003000900013005001700022008004100039020001200080082001600092100002500108245006800133260003500201300000900236500003500245505001000280650002400290700002500314nice12345678IN_TiNIC20260116012114.0050524s1970 newa grp 000 0 eng  ac171.500a241.53bFIT aFitzgerald, Ernest A aThere`s No Other Wayb Master`s Plan in the Sermon on the Mount aNew YorkbAbingdon Pressc1970 a144p aincludes index and biblioraphy2 aIndex aSermon on the Mount1 aFitzgerald, Ernest A